000 00381nam a22001577a 4500
003 MPLRDC
005 20220104172142.0
008 210129b ||||| |||| 00| 0 eng d
082 _a859.6 LITT v.2
100 _aCOLLEEN PAYNE
245 _aTHE DOLPHIN TRAP
_c
260 _a
_bBLUE BANANA BOOKS
_c
300 _b
650 _aCHILDREN LITERATURE
942 _cBK
_o859.6 LITT v.2
999 _c58797
_d58787